1102 1736 1181 1566 1722 1540 1763 1618 1132 1361 1601 1112 1368 1008 1224 1351 1969 1736 1756 1180 1192 1112 1756 1281 1000 1280 1199 1362 1022 1607 1642 1574 1043 1760 1612 1278 1661 1759 1119 1304 1683 1721 1977 1451 1452 1246 1015 1704 1130 1859 1404 1547 1527 1480 1347 1766 1369 1913 1569 1345 1421 1115 1412 1495 1282 1286 1490 1751 1139 1663 1016 1516 1915 1732 1793 1505 1670 1650 1439 1624 1498 1408 1743 1005 1389 1368 1097 1791 1313 1495 1601 1318 1620 1352 1113 1780 1887 1600 1345 BCNSPRNW ULIB Ver.6.0+V

เปลี่ยนเป็นภาษาไทย

Change to English
 แสดงรายละเอียดบรรณานุกรม
  กลับหน้าหลัก

Brief Record : Get Marc (ISO 2709) : E-mail record : QR code < ปิดหน้าต่าง
LEADER : 00000nam 2200000uu 4500
001    13399108582
003     ULIB
008    110309s2552||||th 000 0 tha d
020    9786115260164
060  4 QV766^bส882ก 2552
100 0  สุวิมล โต่นวุธ
245 00 กินมะรุมลืมมะเร็ง/^cสุวิมล โต่นวุธ
250    พิมพ์ครั้งที่ 5
260    นนทบุรี:^bกรีน-ปัญญาณ,^c2552
300    64 หน้า:^bภาพประกอบ
945    ^p60^l0^i027667
995    ทศพร
999 ^a ใช้งานได้ทุกระบบ
รายการนี้ยังไม่มีแท็ก
คุณยังไม่ได้ล็อกอิน คุณสามารถมีกิจกรรมร่วมกับเว็บไซต์ได้ แต่ต้องล็อกอินก่อน ::
  ล็อกอิน

รายการสื่อสารสนเทศ

ลำดับที่ ประเภท เลขเรียก/บาร์โค้ด สถานที่ สถานะ
- ไม่พบข้อมูล -

รายการใกล้เคียง
    ผู้แต่ง [สุวิมล โต่นวุธ]

BibComment


ยังไม่เคยถูกคอมเมนท์

คอมเมนท์ทรัพยากรรายการนี้
  คอมเมนท์: กินมะรุมลืมมะเร็ง..


 Copyright 2026. Bcnsprnw @Library